000 00892nam a2200277Ia 4500
005 20220316235241.0
008 121119s1999 m a gr 000 j spa
020 _a9681651863
041 0 _aspa
100 1 _aZepeda, Monique,
245 1 0 _aMarita no sabe dibujar y otra historia sin palabras
_cMonique Zepeda
250 _aPrimera edición
264 1 _aMéxico
_bFondo de Cultura Económica
_c1999
300 _a30 páginas
_bilustraciones
_c28 cm.
336 _atexto
_btxt
_2rdacontent
337 _asin mediación
_bn
_2rdamedia
338 _avolumen
_bnc
_2rdacarrier
490 0 _aLos especiales de a la orilla del viento
650 1 4 _2LEMB
_aLiteratura infantil
650 1 4 _2LEMB
_aTíos
_vCuentos
650 1 4 _2LEMB
_aRelación niño - adulto
_vCuentos
650 1 4 _2LEMB
_aTristeza
_vCuentos
942 _2loc
_cBKLIT
040 _aCO-BoRNBP
_bspa
_erda
_cCO-BoRNBP
084 _aC ZEP1
999 _c368
_d368